000 01704nam a22002897a 4500
001 4926
003 FISKH
005 20241025103641.0
008 241025b cb ||||| |||| 00| 0 eng d
020 _a9780531240601
040 _aFISKH
_beng
_cFISKH
_dFISKH
050 _aTL793.J46
082 _a629.45
100 _aJemison, Mae
245 _aThe 100 Year Starship /
_cby Dr. Mae Jemison
260 _aNew York :
_bScholastic ;
_c2013 .
300 _a48 pges :
_bcolor illustrations ;
_c22 cm .
490 _a True Books: Dr. Mae Jemison and 100 Year Starship
505 _aZ
520 _aIn 1992, Dr. Mae Jemison made history by spending eight days in Earth's orbit, making her the first black woman ever to visit space. Twenty years later, Dr. Jemison is pushing space travel forward again with her 100 Year Starship Foundation. In this new True Book series, readers will join Dr. Jemison as she guides them on a tour of our solar system and explains how astronomers have used technology to discover new stars and planets. Key Features: Engaging text provides insights into space exploration from legendary astronaut Dr. Mae Jemison Timelines illustrate the ways our knowledge of space has changed over time Glossaries explain difficult scientific terms in a way that makes them easy to understand Eye-catching images give readers an up-close look at the far reaches of space Additional content for further learning on this subject available at www.factsfornow.scholastic.com
521 8 _a900
_bLexile
521 8 _aZ
_bRaz-Plus
650 _aInterstellar travel
_vJuvenile fiction
700 _aRau, Dana Meachen
_eillustrator
942 _2ddc
_cBK
_n0
999 _c4926
_d4926